[Event "It Open"]
[Site "Athens GRE"]
[Date "1987.??.??"]
[Round "4"]
[White "Makropoulos, Georgios"]
[Black "Moutousis, Konstantinos"]
[Result "1-0"]
[WhiteElo "2460"]
[BlackElo "2390"]
[PlyCount "78"]
[EventDate "1987.??.??"]
[Source "www.chesslib.no"]
[SourceDate "2004.05.04"]

1. e4 c5 2. Nc3 e6 3. g3 d5 4. exd5 exd5 5. Bg2 Nf6 6. d3 d4 7. Nce2 Bd6 8. Bf4 O-O 9. h3 Bxf4 10. Nxf4 Re8+ 11. Kf1 Na6 12. Bf3 Qb6 13. Rb1 Bd7 14. c4 Bc6 15. Kg2 Re7 16. h4 Rae8 17. Bxc6 Qxc6+ 18. Qf3 Qc8 19. a3 Nb8 20. Ngh3 Nbd7 21. Qd1 Ne5 22. f3 Qc6 23. Kf2 h5 24. Rf1 Neg4+ 25. fxg4 Nxg4+ 26. Kg1 Re3 27. Rf2 Rxg3+ 28. Rg2 Ree3 29. Ng5 Rxg2+ 30. Nxg2 Rg3 31. Qf1 f6 32. Ne4 Rh3 33. Re1 Qc7 34. Qf4 Qa5 35. Qb8+ Kh7 36. Nxf6+ Nxf6 37. Qe5 Rxd3 38. Re2 Rd1+ 39. Kh2 Ng4+ 1-0

[Event "Arnold Cup"]
[Site "Gausdal NOR"]
[Date "1992.??.??"]
[Round "7"]
[White "Lyrberg, Patrik"]
[Black "Motwani, Paul"]
[Result "0-1"]
[WhiteElo "2395"]
[BlackElo "2455"]
[PlyCount "112"]
[EventDate "1992.04.??"]
[Source "www.chesslib.no"]
[SourceDate "2004.05.04"]

1. e4 c5 2. Nc3 e6 3. g3 d5 4. exd5 exd5 5. d3 Nf6 6. Bg2 d4 7. Ne4 Nxe4 8. Bxe4 Nd7 9. Ne2 Bd6 10. Bf4 Nf6 11. Bg2 O-O 12. O-O Bg4 13. Bxd6 Qxd6 14. h3 Bd7 15. Nf4 Bc6 16. Qd2 Rae8 17. Rfe1 Bxg2 18. Nxg2 Qb6 19. c4 dxc3 20. bxc3 Qd6 21. Rxe8 Rxe8 22. Rd1 Qd7 23. Kh2 h6 24. d4 Ne4 25. Qc2 Ng5 26. Nf4 Nf3+ 27. Kh1 g5 28. Qd3 Ne1 29. Qf1 gxf4 30. Rxe1 Rxe1 31. Qxe1 cxd4 32. cxd4 fxg3 33. Kg2 Qxd4 34. Kxg3 Kg7 35. f4 b5 36. Qa5 Qe3+ 37. Kg4 h5+ 38. Kg5 f6+ 39. Kf5 Qxh3+ 40. Ke4 Qe6+ 41. Kf3 a6 42. Qc7+ Kg6 43. Qc2+ Qf5 44. Qc6 Qh3+ 45. Kf2 Qh2+ 46. Ke3 Qg3+ 47. Ke2 Qxf4 48. Qxa6 Qe5+ 49. Kf2 h4 50. Qa8 Kg5 51. Kf3 Qg3+ 52. Ke2 Kg4 53. Qb7 Qe5+ 54. Kf2 h3 55. Qg7+ Qg5 56. Qb7 Qd2+ 0-1

[Event "Liberation tourn"]
[Site "Zagreb CRO"]
[Date "1971.??.??"]
[Round "11"]
[White "Siaperas, Triantafyllos"]
[Black "Bertok, Mario"]
[Result "1/2-1/2"]
[WhiteElo "2400"]
[BlackElo "2450"]
[PlyCount "26"]
[EventDate "1971.04.??"]
[Source "www.chesslib.no"]
[SourceDate "2004.05.04"]

1. e4 c5 2. Nc3 e6 3. g3 d5 4. exd5 exd5 5. d3 Nf6 6. Bg2 d4 7. Ne4 Be7 8. Ne2 O-O 9. O-O Nc6 10. Nxf6+ Bxf6 11. Nf4 Re8 12. Bd2 Qd6 13. Qf3 Bd7 1/2-1/2

[Event "DSV-Turnier"]
[Site "Berlin East"]
[Date "1982.??.??"]
[Round "10"]
[White "Casper, Thomas"]
[Black "Vaisser, Anatoli"]
[Result "1/2-1/2"]
[WhiteElo "2355"]
[BlackElo "2490"]
[PlyCount "101"]
[EventDate "1982.10.??"]
[Source "ChessBase"]

1. e4 c5 2. Nc3 e6 3. g3 d5 4. exd5 exd5 5. Bg2 Nf6 6. d3 d4 7. Ne4 Nxe4 8. Bxe4 Nd7 9. Ne2 Nf6 10. Bg2 Bd6 11. O-O O-O 12. h3 Rb8 13. Bf4 b5 14. Bxd6 Qxd6 15. Nf4 Re8 16. Nh5 Nd5 17. Qf3 Bb7 18. Qg4 Qg6 19. Rfe1 Kf8 20. Qh4 h6 21. Bxd5 Bxd5 22. Nf4 Qd6 23. Nxd5 Qxd5 24. Qf4 Rbc8 25. b3 c4 26. bxc4 bxc4 27. dxc4 Qxc4 28. a3 Qc3 29. Qd6+ Kg8 30. Rxe8+ Rxe8 31. Rd1 Re4 32. Qb8+ Kh7 33. Qb3 Re2 34. Qxc3 dxc3 35. Rd7 a5 36. Rxf7 Rxc2 37. Rc7 Rc1+ 38. Kg2 Kg6 39. Rc5 a4 40. Kf3 Kf6 41. Ke2 c2 42. Kd3 Ra1 43. Rxc2 Rxa3+ 44. Ke4 Rb3 45. Rc6+ Kf7 46. Rc7+ Kg6 47. Rc6+ Kh7 48. Ra6 a3 49. h4 Rb4+ 50. Kf3 Rb3+ 51. Ke4 1/2-1/2

[Event "Keszthely"]
[Site "Keszthely"]
[Date "1981.??.??"]
[Round "4"]
[White "Groszpeter, Attila"]
[Black "Horvath, Tamas"]
[Result "1/2-1/2"]
[WhiteElo "2435"]
[BlackElo "2410"]
[PlyCount "81"]
[EventDate "1981.04.??"]
[Source "ChessBase"]

1. e4 c5 2. Nc3 e6 3. g3 d5 4. Bg2 Nf6 5. Nge2 dxe4 6. Nxe4 Nxe4 7. Bxe4 Nd7 8. O-O Be7 9. d4 O-O 10. Be3 Nf6 11. Bg2 Ng4 12. Bc1 cxd4 13. Nxd4 e5 14. Nb3 Qc7 15. Bd2 Be6 16. Ba5 Qc8 17. Qd2 Nf6 18. Rfe1 Nd7 19. Rad1 Bg4 20. Rc1 h6 21. h3 Be6 22. Rcd1 Nb6 23. Bxb6 axb6 24. a3 Rd8 25. Qe2 Rxd1 26. Rxd1 Bxh3 27. Bxh3 Qxh3 28. Qxe5 Bf6 29. Qe4 Bxb2 30. Qxb7 Rf8 31. Qxb6 Bxa3 32. Rd8 h5 33. Rxf8+ Bxf8 34. Qd4 Qf5 35. Qd3 Qe6 36. Nd4 Qe1+ 37. Kg2 Bc5 38. Qe2 Qxe2 39. Nxe2 g5 40. c4 Kg7 41. Nc3 1/2-1/2

[Event "Makarska"]
[Site "?"]
[Date "1995.??.??"]
[Round "9"]
[White "Arapovic Vitomir"]
[Black "Dizdarevic Emir"]
[Result "1/2-1/2"]
[WhiteElo "2380"]
[BlackElo "2465"]
[PlyCount "25"]
[EventDate "1995.??.??"]
[Source "www.chesslib.no"]
[SourceDate "2004.05.04"]

1. e4 c5 2. Nc3 e6 3. g3 d5 4. d3 dxe4 5. dxe4 Qxd1+ 6. Nxd1 Nc6 7. c3 b6 8. f3 Bb7 9. Nf2 Bd6 10. Be3 Nge7 11. O-O-O O-O-O 12. Bh3 Bc7 13. Ne2 1/2-1/2